[Event "Trapiche Alagoano op 49th"]
[Site "Trapiche"]
[Date "2023.12.17"]
[Round "5"]
[White "Miranda Neto, Jayme Amorim"]
[Black "Galvao, Joao Paulo de Freit"]
[Result "1-0"]
[WhiteElo "2183"]
[BlackElo "1952"]
[PlyCount "75"]
[EventDate "2023.12.15"]
[EventType "swiss"]
[EventRounds "6"]
[EventCountry "BRA"]
[SourceTitle "CBM 217 Extra"]
[Source "ChessBase"]
[SourceDate "2024.01.31"]
[SourceVersion "1"]
[SourceVersionDate "2024.01.31"]
[SourceQuality "1"]

1. Nf3 d5 2. d4 c5 3. c3 Nf6 4. e3 Bg4 5. Be2 e6 6. 0-0 a6 7. b3 Nc6 8. Bb2 b5 9. dxc5 Bxc5 10. Nbd2 0-0 11. h3 Bh5 12. Rc1 Rb8 13. Nd4 Bxe2 14. Qxe2 Rc8 15. Nxc6 Rxc6 16. e4 dxe4 17. Nxe4 Be7 18. c4 bxc4 19. Rxc4 Rxc4 20. Nxf6+ Bxf6 21. Bxf6 Qxf6 22. Qxc4 e5 23. Rd1 h6 24. Qc5 Re8 25. Rd6 Re6 26. Qc8+ Kh7 27. Rxe6 fxe6 28. Qxa6 Qf4 29. Qd3+ Kh8 30. Qe3 Qf5 31. a4 Qb1+ 32. Kh2 e4 33. a5 Kh7 34. a6 Qd3 35. a7 Qd6+ 36. Qg3 Qf8 37. Qb8 Qxf2 38. a8Q 1-0

[Event "Wch Blitz"]
[Site "Moscow"]
[Date "2019.12.30"]
[Round "13"]
[White "Al Ghamdi, Ahmed M"]
[Black "Miranda Neto, Jayme Amorim"]
[Result "1-0"]
[WhiteElo "2107"]
[BlackElo "2102"]
[PlyCount "146"]
[EventDate "2019.12.29"]
[EventType "swiss (blitz)"]
[EventRounds "21"]
[EventCountry "RUS"]
[SourceTitle "CBM 193 Extra"]
[Source "ChessBase"]
[SourceDate "2020.01.31"]
[SourceVersion "1"]
[SourceVersionDate "2020.01.31"]
[SourceQuality "1"]

1. e4 c6 2. d4 d5 3. Nd2 dxe4 4. Nxe4 Bf5 5. Ng3 Bg6 6. h4 h6 7. Nf3 Nd7 8. h5 Bh7 9. Bd3 Bxd3 10. Qxd3 Ngf6 11. Bd2 e6 12. 0-0-0 Bd6 13. Ne4 Nxe4 14. Qxe4 Nf6 15. Qe2 Qc7 16. Kb1 0-0-0 17. c4 c5 18. g3 Qc6 19. dxc5 Bxc5 20. Ne5 Qe4+ 21. Qxe4 Nxe4 22. Nxf7 Nxd2+ 23. Rxd2 Rxd2 24. Nxh8 Bd4 25. b3 Rxf2 26. Re1 e5 27. Ng6 Rb2+ 28. Kc1 Rxa2 29. Re4 Rg2 30. g4 Kd7 31. Nxe5+ Bxe5 32. Rxe5 Rxg4 33. Rf5 Rg5 34. Rf7+ Kc6 35. Kc2 a6 36. Kc3 b6 37. b4 Rg4 38. Kd3 b5 39. cxb5+ Kxb5 40. Ra7 Rxb4 41. Rxg7 Rh4 42. Kc3 Rxh5 43. Rb7+ Kc6 44. Rg7 Rh1 45. Kb4 h5 46. Ka5 Kd5 47. Kxa6 h4 48. Kb6 Ke4 49. Kc6 Kf3 50. Kd5 h3 51. Ke5 h2 52. Rf7+ Ke3 53. Rh7 Kf3 54. Kf5 Kg3 55. Rg7+ Kf3 56. Rh7 Ke3 57. Ke5 Kd3 58. Kd5 Ke2 59. Ke4 Kf2 60. Kf4 Kg2 61. Rg7+ Kf2 62. Rh7 Ke2 63. Ke4 Kd2 64. Kd4 Kc2 65. Kc4 Kb2 66. Kb4 Kc2 67. Kc4 Kd2 68. Kd4 Ke2 69. Ke4 Kf2 70. Kf4 Rf1 71. Rxh2+ Kg1+ 72. Kg3 Rf3+ 73. Kxf3 Kxh2 1-0

[Event "Wch Blitz"]
[Site "Moscow"]
[Date "2019.12.30"]
[Round "18"]
[White "Mamatov, Melis"]
[Black "Miranda Neto, Jayme Amorim"]
[Result "1-0"]
[WhiteElo "2292"]
[BlackElo "2102"]
[PlyCount "93"]
[EventDate "2019.12.29"]
[EventType "swiss (blitz)"]
[EventRounds "21"]
[EventCountry "RUS"]
[SourceTitle "CBM 193 Extra"]
[Source "ChessBase"]
[SourceDate "2020.01.31"]
[SourceVersion "1"]
[SourceVersionDate "2020.01.31"]
[SourceQuality "1"]

1. e4 c6 2. d4 d5 3. Nd2 dxe4 4. Nxe4 Bf5 5. Ng3 Bg6 6. h4 h6 7. N1e2 Nd7 8. Nf4 Bh7 9. Bd3 Bxd3 10. Qxd3 Qc7 11. Bd2 0-0-0 12. 0-0-0 e6 13. Kb1 Bd6 14. Nge2 Ngf6 15. Qf3 Kb8 16. Nd3 e5 17. dxe5 Nxe5 18. Nxe5 Bxe5 19. Bf4 Bxf4 20. Nxf4 Rxd1+ 21. Rxd1 Rd8 22. g3 Qe7 23. Rxd8+ Qxd8 24. Nd3 Qd6 25. a4 Kc7 26. Qe3 b6 27. a5 Kb7 28. axb6 axb6 29. c3 Nd5 30. Qf3 Qe6 31. Kc2 f6 32. h5 f5 33. Kd2 Nf6 34. Nf4 Ne4+ 35. Kc2 Qd6 36. Qe3 Nf6 37. f3 Nd5 38. Qd4 Qd7 39. Nxd5 cxd5 40. Qe5 Qa4+ 41. Kd2 Qd7 42. Ke3 Qf7 43. Kd4 Qxh5 44. Qxd5+ Ka6 45. Qa8+ Kb5 46. c4+ Kb4 47. Qa3# 1-0

[Event "Wch Blitz"]
[Site "Moscow"]
[Date "2019.12.29"]
[Round "6"]
[White "Miranda Neto, Jayme Amorim"]
[Black "Masrahi, Abdulrahman A"]
[Result "1-0"]
[WhiteElo "2102"]
[BlackElo "1956"]
[PlyCount "77"]
[EventDate "2019.12.29"]
[EventType "swiss (blitz)"]
[EventRounds "21"]
[EventCountry "RUS"]
[SourceTitle "CBM 193 Extra"]
[Source "ChessBase"]
[SourceDate "2020.01.31"]
[SourceVersion "1"]
[SourceVersionDate "2020.01.31"]
[SourceQuality "1"]

1. d4 Nf6 2. Nf3 e6 3. e3 c5 4. Bd3 b6 5. 0-0 Bb7 6. Qe2 Nc6 7. c3 d6 8. Rd1 Be7 9. Nbd2 0-0 10. b3 Rc8 11. Bb2 Rc7 12. e4 cxd4 13. cxd4 Nb4 14. a3 Nxd3 15. Qxd3 Qa8 16. Re1 Rfc8 17. d5 Rc2 18. Nc4 Rxb2 19. Nxb2 exd5 20. exd5 Nxd5 21. Nc4 Bf6 22. Rad1 Nf4 23. Qf5 Bxf3 24. gxf3 Ne6 25. Nxd6 Rc3 26. Nxf7 Kxf7 27. Qxe6+ Kg6 28. Re4 h6 29. Kg2 Qf8 30. Rd7 Rc2 31. Rg4+ Kh7 32. Rf7 Qd8 33. Qf5+ Kg8 34. Rxf6 Rxf2+ 35. Kxf2 Qd2+ 36. Kg1 Qe1+ 37. Kg2 Qe2+ 38. Kh3 Qf1+ 39. Rg2 1-0

[Event "Wch Blitz"]
[Site "Moscow"]
[Date "2019.12.29"]
[Round "3"]
[White "Samsonkin, Artiom"]
[Black "Miranda Neto, Jayme Amorim"]
[Result "1-0"]
[WhiteElo "2428"]
[BlackElo "2102"]
[PlyCount "47"]
[EventDate "2019.12.29"]
[EventType "swiss (blitz)"]
[EventRounds "21"]
[EventCountry "RUS"]
[SourceTitle "CBM 193 Extra"]
[Source "ChessBase"]
[SourceDate "2020.01.31"]
[SourceVersion "1"]
[SourceVersionDate "2020.01.31"]
[SourceQuality "1"]

1. e4 c6 2. d4 d5 3. e5 Bf5 4. h4 h5 5. Bd3 Bxd3 6. Qxd3 e6 7. Bg5 Be7 8. Nf3 Nd7 9. Nc3 Nh6 10. Ne2 Nf5 11. Ng3 Nxg3 12. fxg3 Bxg5 13. Nxg5 Qe7 14. 0-0 Rf8 15. Qf3 g6 16. c4 dxc4 17. Rac1 Nb6 18. Ne4 0-0-0 19. Qc3 Nd5 20. Qa5 Nb6 21. Qxa7 Kc7 22. Nc5 Rxd4 23. Qxb7+ Kd8 24. Qxb6+ 1-0

[Event "Wch Blitz"]
[Site "Moscow"]
[Date "2019.12.29"]
[Round "2"]
[White "Timofeev, Artyom"]
[Black "Miranda Neto, Jayme Amorim"]
[Result "1-0"]
[WhiteElo "2588"]
[BlackElo "2102"]
[PlyCount "83"]
[EventDate "2019.12.29"]
[EventType "swiss (blitz)"]
[EventRounds "21"]
[EventCountry "RUS"]
[SourceTitle "CBM 193 Extra"]
[Source "ChessBase"]
[SourceDate "2020.01.31"]
[SourceVersion "1"]
[SourceVersionDate "2020.01.31"]
[SourceQuality "1"]

1. c4 Nf6 2. Nc3 c5 3. Nf3 g6 4. d4 cxd4 5. Nxd4 Bg7 6. e4 d6 7. Be2 0-0 8. 0-0 Nc6 9. Nc2 Bd7 10. Be3 Rc8 11. Rc1 Qa5 12. Bd2 Qd8 13. b3 a6 14. h3 Be6 15. Be3 Qa5 16. Bd2 Qd8 17. Re1 Qb6 18. Bf1 Ne5 19. Be3 Qa5 20. Nd4 Bd7 21. Qd2 Rfe8 22. f4 Nc6 23. Nf3 Nh5 24. Nd5 Qxd2 25. Nxd2 e6 26. Nb6 Rcd8 27. Nf3 Nf6 28. Bf2 Nh5 29. g3 Nf6 30. Rcd1 Bf8 31. Rd2 Bc8 32. Bg2 Nd7 33. Red1 Nc5 34. Nd4 Nxd4 35. Bxd4 Nd7 36. Bf2 Nxb6 37. Bxb6 Rd7 38. c5 e5 39. cxd6 exf4 40. gxf4 Re6 41. e5 f6 42. Bd5 1-0

[Event "Wch Rapid"]
[Site "Moscow"]
[Date "2019.12.28"]
[Round "14"]
[White "Lobanov, Sergei"]
[Black "Miranda Neto, Jayme Amorim"]
[Result "1-0"]
[WhiteElo "2504"]
[BlackElo "2102"]
[PlyCount "125"]
[EventDate "2019.12.26"]
[EventType "swiss (rapid)"]
[EventRounds "15"]
[EventCountry "RUS"]
[SourceTitle "CBM 193 Extra"]
[Source "ChessBase"]
[SourceDate "2020.01.31"]
[SourceVersion "1"]
[SourceVersionDate "2020.01.31"]
[SourceQuality "1"]

1. e4 c6 2. d4 d5 3. e5 Bf5 4. Nf3 e6 5. Be2 Nd7 6. 0-0 h6 7. c3 Ne7 8. Na3 a6 9. Nc2 c5 10. dxc5 Nxc5 11. Be3 Nc6 12. Ncd4 Bg6 13. Nxc6 bxc6 14. c4 Nd7 15. Qa4 Qc8 16. Rac1 Qb7 17. cxd5 cxd5 18. Rc6 Qxb2 19. Rc7 Rd8 20. Bxa6 Be7 21. Nd4 0-0 22. Rxd7 Rxd7 23. Qxd7 Qxa2 24. Bb5 Bb4 25. Nc6 Ba3 26. Qa7 Qb3 27. Qa4 Qxa4 28. Bxa4 Ra8 29. Bb5 Bf8 30. Bd4 Ra2 31. Ra1 Rd2 32. h3 Kh7 33. Kh2 Rc2 34. Kg3 Bc5 35. Bxc5 Rxc5 36. Nd4 Rc7 37. f3 Rc3 38. Kf2 Rc7 39. Ke3 Rc3+ 40. Kd2 Rc7 41. Ra6 Rb7 42. Kc3 Rc7+ 43. Bc6 Rc8 44. Rb6 h5 45. h4 Rd8 46. Kb4 Bd3 47. Kc5 Bf1 48. g3 Bg2 49. Rb7 Kg6 50. Ra7 Rb8 51. Bb7 Bh1 52. Kc6 Bg2 53. Ra8 Rxa8 54. Bxa8 Bxf3 55. Nxf3 Kf5 56. Kd6 Kg4 57. Ng5 f6 58. Nxe6 Kxg3 59. Ng5 fxe5 60. Kxe5 Kxh4 61. Kf4 g6 62. Bb7 d4 63. Bg2 1-0

[Event "Wch Rapid"]
[Site "Moscow"]
[Date "2019.12.27"]
[Round "10"]
[White "Masrahi, Abdulrahman A"]
[Black "Miranda Neto, Jayme Amorim"]
[Result "0-1"]
[WhiteElo "1956"]
[BlackElo "2102"]
[PlyCount "110"]
[EventDate "2019.12.26"]
[EventType "swiss (rapid)"]
[EventRounds "15"]
[EventCountry "RUS"]
[SourceTitle "CBM 193 Extra"]
[Source "ChessBase"]
[SourceDate "2020.01.31"]
[SourceVersion "1"]
[SourceVersionDate "2020.01.31"]
[SourceQuality "1"]

1. d4 Nf6 2. Nf3 e6 3. g3 d5 4. Bg2 Be7 5. 0-0 0-0 6. c4 c6 7. Nc3 Nbd7 8. Qb3 b6 9. Bf4 Ba6 10. cxd5 cxd5 11. Qa4 Bc4 12. Rfd1 b5 13. Qc2 b4 14. b3 Rc8 15. bxc4 Rxc4 16. Bd2 bxc3 17. Be1 Ba3 18. Ne5 Nxe5 19. dxe5 Nd7 20. e4 Nb6 21. exd5 exd5 22. Bf1 Rc7 23. Rd4 g6 24. Bd3 Bc5 25. Qxc3 Qe7 26. Qb2 Nc4 27. Bxc4 Bxd4 28. Qxd4 dxc4 29. Bc3 Rd8 30. Qe4 Qe6 31. Ba5 Rdc8 32. Bxc7 Rxc7 33. Rc1 c3 34. Rc2 Qb6 35. Kg2 Kf8 36. Qd5 Rc5 37. Qd4 Qc6+ 38. f3 Ke7 39. Kf2 Ke6 40. Ke3 Rxe5+ 41. Kf2 Qc5 42. Qxc5 Rxc5 43. Ke3 f5 44. f4 Kd5 45. Kd3 h5 46. Re2 c2 47. Re5+ Kd6 48. Rxc5 Kxc5 49. Kxc2 Kc4 50. h3 h4 51. gxh4 Kd4 52. h5 gxh5 53. Kd2 Ke4 54. Ke2 Kxf4 55. Kf2 h4 0-1

[Event "Wch Rapid"]
[Site "Moscow"]
[Date "2019.12.27"]
[Round "6"]
[White "Miranda Neto, Jayme Amorim"]
[Black "Al Mutairi, Hassan S"]
[Result "1/2-1/2"]
[WhiteElo "2102"]
[BlackElo "1883"]
[PlyCount "68"]
[EventDate "2019.12.26"]
[EventType "swiss (rapid)"]
[EventRounds "15"]
[EventCountry "RUS"]
[SourceTitle "CBM 193 Extra"]
[Source "ChessBase"]
[SourceDate "2020.01.31"]
[SourceVersion "1"]
[SourceVersionDate "2020.01.31"]
[SourceQuality "1"]

1. d4 Nf6 2. Nf3 e6 3. e3 c5 4. Bd3 b6 5. 0-0 Bb7 6. c3 cxd4 7. exd4 d6 8. Qe2 Be7 9. Bg5 Nbd7 10. Nbd2 h6 11. Bh4 Nd5 12. Bg3 0-0 13. h3 Re8 14. Rfe1 a6 15. a3 b5 16. Bc2 N7f6 17. Qd3 a5 18. Qxb5 Ba6 19. Qb3 Rb8 20. Qa2 Qc7 21. Rec1 Nh5 22. Bh2 Nhf4 23. Bxf4 Nxf4 24. Re1 Rec8 25. Re3 Bb7 26. Rae1 Bd5 27. Qa1 Qb7 28. b3 Bf6 29. Qd1 Bc6 30. Nc4 Qc7 31. Ncd2 Nd5 32. Rd3 Nf4 33. Rde3 Nd5 34. Rd3 Nf4 1/2-1/2

[Event "Barra de Sao Miguel op"]
[Site "Barra de Sao Miguel"]
[Date "2019.10.13"]
[Round "6"]
[White "Reis, Paulo F Jatoba"]
[Black "Miranda Neto, Jayme Amorim"]
[Result "1-0"]
[WhiteElo "2396"]
[BlackElo "2272"]
[PlyCount "63"]
[EventDate "2019.10.10"]
[EventType "swiss"]
[EventRounds "7"]
[EventCountry "BRA"]
[SourceTitle "CBM 192 Extra"]
[Source "Chessbase"]
[SourceDate "2019.11.06"]
[SourceVersion "1"]
[SourceVersionDate "2019.11.06"]
[SourceQuality "1"]

1. Nf3 d5 2. g3 c6 3. Bg2 Nd7 4. c4 e6 5. 0-0 Ngf6 6. Qc2 Be7 7. d4 0-0 8. Rd1 Qa5 9. Nbd2 dxc4 10. Nxc4 Qf5 11. Qb3 Ne4 12. Ne3 Qa5 13. Qc2 Nd6 14. b3 Re8 15. Bb2 Nf8 16. Ne5 f6 17. Nd3 Qh5 18. Nf4 Qf7 19. Rac1 Bd7 20. Nf1 Rad8 21. e4 Nb5 22. a4 Nc7 23. Ne3 Na6 24. h4 Nb4 25. Qb1 e5 26. dxe5 Qxb3 27. exf6 gxf6 28. Bf1 Qxa4 29. Bc4+ Kg7 30. e5 fxe5 31. Bxe5+ Kh6 32. Rxd7 1-0

[Event "Barra de Sao Miguel op"]
[Site "Barra de Sao Miguel"]
[Date "2019.10.11"]
[Round "2"]
[White "Lima, Luiz Alexandre de S"]
[Black "Miranda Neto, Jayme Amorim"]
[Result "0-1"]
[WhiteElo "1938"]
[BlackElo "2272"]
[PlyCount "72"]
[EventDate "2019.10.10"]
[EventType "swiss"]
[EventRounds "7"]
[EventCountry "BRA"]
[SourceTitle "CBM 192 Extra"]
[Source "Chessbase"]
[SourceDate "2019.11.06"]
[SourceVersion "1"]
[SourceVersionDate "2019.11.06"]
[SourceQuality "1"]

1. c4 g6 2. Nc3 Bg7 3. e4 c5 4. Nf3 Nc6 5. g3 Nf6 6. Bg2 0-0 7. 0-0 Qb6 8. d3 d6 9. h3 a6 10. Rb1 h6 11. Be3 Nd4 12. Kh2 e5 13. Nh4 Qd8 14. Qd2 Kh7 15. a3 Nh5 16. b4 Nf4 17. bxc5 Nxg2 18. Kxg2 g5 19. Nf5 Nxf5 20. exf5 Bxf5 21. cxd6 Qxd6 22. Nd5 b5 23. Rbc1 bxc4 24. dxc4 Qxa3 25. f3 Rfd8 26. Qf2 Rab8 27. Nb6 Rd3 28. Rfe1 Rxe3 29. Ra1 Rxf3 30. Rxa3 Rxf2+ 31. Kxf2 Rxb6 32. g4 Be6 33. c5 Rc6 34. Ra5 Bc4 35. Re3 Bb5 36. Rc3 Bf8 0-1

[Event "BRA-ch Amateur U2200"]
[Site "Sao Paulo"]
[Date "2019.06.23"]
[Round "7"]
[White "Miranda Neto, Jayme Amorim"]
[Black "Jesus Filho, Jose Carlos"]
[Result "1-0"]
[WhiteElo "2119"]
[BlackElo "1727"]
[PlyCount "119"]
[EventDate "2019.06.20"]
[EventType "swiss"]
[EventRounds "7"]
[EventCountry "BRA"]
[SourceTitle "EXT 2020"]
[Source "ChessBase"]
[SourceDate "2019.10.17"]
[SourceVersion "1"]
[SourceVersionDate "2019.10.17"]
[SourceQuality "1"]

1. d4 g6 2. e4 Bg7 3. Nf3 d6 4. Bc4 Nc6 5. c3 e5 6. 0-0 Nf6 7. Re1 0-0 8. Bg5 Bg4 9. d5 Nb8 10. h3 Bxf3 11. Qxf3 h6 12. Bh4 g5 13. Bg3 Nbd7 14. Nd2 h5 15. Nf1 Kh7 16. Qf5+ Kh6 17. Ne3 Nc5 18. Qf3 Rh8 19. Nf5+ Kg6 20. b4 Ncd7 21. Bb5 a6 22. Bd3 h4 23. Bh2 Nh5 24. Qg4 Nhf6 25. Qd1 Kh7 26. Be2 Nf8 27. Bg4 Ng6 28. g3 Kg8 29. a4 Ne7 30. Qd2 Nxg4 31. hxg4 Nxf5 32. exf5 h3 33. Re4 f6 34. f3 Kf7 35. Kh1 Qd7 36. Bg1 h2 37. Bf2 b5 38. axb5 Qxb5 39. c4 Qb7 40. Ree1 Rhb8 41. Ra4 c6 42. Kxh2 cxd5 43. cxd5 Qb5 44. Rea1 Rc8 45. Ra5 Qc4 46. b5 e4 47. R5a4 Qc2 48. Qxc2 Rxc2 49. Kg1 exf3 50. Rxa6 Rb8 51. Ra7+ Kg8 52. Rb1 Rbc8 53. b6 Rc1+ 54. Rxc1 Rxc1+ 55. Kh2 Rb1 56. Ra3 Bf8 57. Rxf3 Be7 58. Rc3 Kf7 59. Rc8 Rb2 60. Kg2 1-0

[Event "BRA-ch Amateur U2200"]
[Site "Sao Paulo"]
[Date "2019.06.21"]
[Round "4"]
[White "Labussiere, Victor"]
[Black "Miranda Neto, Jayme Amorim"]
[Result "1-0"]
[WhiteElo "2096"]
[BlackElo "2119"]
[PlyCount "63"]
[EventDate "2019.06.20"]
[EventType "swiss"]
[EventRounds "7"]
[EventCountry "BRA"]
[SourceTitle "EXT 2020"]
[Source "ChessBase"]
[SourceDate "2019.10.17"]
[SourceVersion "1"]
[SourceVersionDate "2019.10.17"]
[SourceQuality "1"]

1. c4 Nf6 2. Nc3 g6 3. e4 d6 4. d4 Bg7 5. Be2 Nbd7 6. Nf3 e5 7. 0-0 0-0 8. Re1 h6 9. Bf1 exd4 10. Nxd4 Re8 11. f3 Nc5 12. Be3 Kh7 13. Qd2 Bd7 14. Rac1 a5 15. b3 b6 16. Ndb5 Bxb5 17. cxb5 Nfd7 18. Nd5 Ne5 19. Qc2 Rc8 20. a3 Ne6 21. h3 Nd7 22. Qf2 Rf8 23. b4 axb4 24. axb4 f5 25. exf5 Rxf5 26. Red1 Nf6 27. Nc3 Nd7 28. Bd3 Rf8 29. Nd5 Ne5 30. Bb1 Qd7 31. f4 Ng5 32. Qg3 1-0

[Event "BRA-ch Amateur U2200"]
[Site "Sao Paulo"]
[Date "2018.06.03"]
[Round "7"]
[White "Nery Junior, Jose Antonio"]
[Black "Miranda Neto, Jayme Amorim"]
[Result "1/2-1/2"]
[WhiteElo "2167"]
[BlackElo "2132"]
[PlyCount "72"]
[EventDate "2018.05.31"]
[EventType "swiss"]
[EventRounds "7"]
[EventCountry "BRA"]
[SourceTitle "EXT 2019"]
[Source "ChessBase"]
[SourceDate "2018.10.10"]
[SourceVersion "1"]
[SourceVersionDate "2018.10.10"]
[SourceQuality "1"]

1. e4 c6 2. d4 d5 3. Nd2 dxe4 4. Nxe4 Bf5 5. Ng3 Bg6 6. Bc4 e6 7. N1e2 Bd6 8. Nf4 Qc7 9. Qf3 Nf6 10. c3 0-0 11. h4 Bf5 12. Nxf5 exf5 13. h5 Re8+ 14. Kf1 Qe7 15. Be3 Qe4 16. Qg3 Ng4 17. Re1 Nd7 18. Qf3 Nxe3+ 19. fxe3 Bxf4 20. Qxf4 Nf6 21. Qxe4 Nxe4 22. Kg1 Re7 23. Rh4 Rae8 24. Bd3 g6 25. hxg6 fxg6 26. Bxe4 Rxe4 27. Rxe4 Rxe4 28. Kf2 Kf7 29. Kf3 Ke6 30. c4 h5 31. Rd1 Kd6 32. b3 h4 33. Rf1 g5 34. Rd1 Rg4 35. Re1 Re4 36. Rd1 Rg4 1/2-1/2

[Event "BRA-ch Amateur U2200"]
[Site "Sao Paulo"]
[Date "2018.06.01"]
[Round "4"]
[White "Oliveira, Alberty Rogher"]
[Black "Miranda Neto, Jayme Amorim"]
[Result "1/2-1/2"]
[WhiteElo "2088"]
[BlackElo "2132"]
[PlyCount "61"]
[EventDate "2018.05.31"]
[EventType "swiss"]
[EventRounds "7"]
[EventCountry "BRA"]
[SourceTitle "EXT 2019"]
[Source "ChessBase"]
[SourceDate "2018.10.10"]
[SourceVersion "1"]
[SourceVersionDate "2018.10.10"]
[SourceQuality "1"]

1. d4 d5 2. c4 c6 3. Nf3 Nf6 4. g3 dxc4 5. Bg2 Qa5+ 6. Bd2 Qh5 7. Ne5 Bh3 8. Bf3 Qf5 9. Nc3 Nbd7 10. Nxc4 Bg4 11. Ne3 Qg6 12. Nxg4 Nxg4 13. e4 Ngf6 14. e5 Nd5 15. Nxd5 cxd5 16. Bxd5 Qb6 17. Bc3 e6 18. Bf3 Be7 19. 0-0 0-0 20. Rc1 Rfd8 21. Qe1 Qa6 22. a3 Nb6 23. Ba5 Rdc8 24. Rxc8+ Rxc8 25. Be2 Nc4 26. Bc3 Qc6 27. Bxc4 Qxc4 28. Qa1 Qb3 29. Rc1 h6 30. h4 Rc4 31. Kh2 1/2-1/2

[Event "Florianopolis zt 2.4"]
[Site "Florianopolis"]
[Date "2017.04.28"]
[Round "3"]
[White "Miranda Neto, Jayme Amorim"]
[Black "Trois, Francisco R Torres"]
[Result "1/2-1/2"]
[WhiteElo "2111"]
[BlackElo "2205"]
[PlyCount "28"]
[EventDate "2017.04.26"]
[EventType "swiss"]
[EventRounds "9"]
[EventCountry "BRA"]
[SourceTitle "CBM 178 Extra"]
[Source "ChessBase"]
[SourceDate "2017.06.22"]
[SourceVersion "1"]
[SourceVersionDate "2017.06.22"]
[SourceQuality "1"]

1. d4 Nf6 2. Nf3 g6 3. g3 Bg7 4. Bg2 0-0 5. 0-0 d6 6. Nbd2 c5 7. dxc5 dxc5 8. c3 Qc7 9. Qc2 Nc6 10. e4 Rd8 11. Nc4 Ng4 12. h3 Be6 13. Ne3 Nxe3 14. Bxe3 Rab8 1/2-1/2

[Event "Florianopolis zt 2.4"]
[Site "Florianopolis"]
[Date "2017.04.27"]
[Round "2"]
[White "Goncalves, Davi Sulzbacher"]
[Black "Miranda Neto, Jayme Amorim"]
[Result "1/2-1/2"]
[WhiteElo "2229"]
[BlackElo "2111"]
[PlyCount "81"]
[EventDate "2017.04.26"]
[EventType "swiss"]
[EventRounds "9"]
[EventCountry "BRA"]
[SourceTitle "CBM 178 Extra"]
[Source "ChessBase"]
[SourceDate "2017.06.22"]
[SourceVersion "1"]
[SourceVersionDate "2017.06.22"]
[SourceQuality "1"]

1. d4 Nf6 2. c4 e6 3. g3 d5 4. Nf3 c6 5. Qc2 Bd6 6. Bg2 0-0 7. 0-0 Nbd7 8. Nbd2 e5 9. cxd5 Nxd5 10. Nc4 Qc7 11. Rd1 exd4 12. Nxd6 Qxd6 13. Rxd4 Qg6 14. Qxg6 hxg6 15. b3 Nc3 16. Kf1 Nf6 17. Bb2 Nb5 18. Rdd1 Be6 19. Nd4 Nxd4 20. Rxd4 Rfd8 21. Rad1 Rxd4 22. Rxd4 Kf8 23. Rh4 Kg8 24. Rb4 Rd8 25. Rd4 Rxd4 26. Bxd4 a5 27. Ke1 a4 28. bxa4 Bxa2 29. Bxf6 gxf6 30. Kd2 Kf8 31. Kc3 Ke7 32. h4 f5 33. e4 fxe4 34. Bxe4 Kd6 35. f4 Be6 36. Kd4 c5+ 37. Kc3 b6 38. Bf3 Bd7 39. Bd1 f5 40. Kc4 Bc6 41. Bc2 1/2-1/2

[Event "Arapiraca Lopez Memorial 1st"]
[Site "Arapiraca"]
[Date "2016.??.??"]
[Round "3"]
[White "Da Fonseca, Petrus Fay Dias"]
[Black "Miranda Neto, Jayme Amorim"]
[Result "0-1"]
[WhiteElo "1942"]
[BlackElo "2224"]
[PlyCount "58"]
[EventDate "2016.07.16"]
[EventType "swiss"]
[EventRounds "6"]
[EventCountry "BRA"]
[SourceTitle "EXT 2017"]
[Source "ChessBase"]
[SourceDate "2016.10.25"]
[SourceVersion "1"]
[SourceVersionDate "2016.10.25"]
[SourceQuality "1"]

1. e4 c6 2. d4 d5 3. exd5 cxd5 4. Bd3 Nc6 5. c3 Nf6 6. h3 e6 7. Ne2 Bd6 8. Bf4 0-0 9. Bxd6 Qxd6 10. 0-0 a6 11. Nd2 b6 12. f4 Bb7 13. Ng3 g6 14. Qf3 Ne7 15. Rae1 b5 16. Nb3 Nd7 17. a3 Bc6 18. Qe2 a5 19. h4 b4 20. axb4 axb4 21. h5 bxc3 22. bxc3 Ra3 23. hxg6 hxg6 24. Bc2 Rb8 25. Qe3 Rbxb3 26. Bxb3 Rxb3 27. f5 Nxf5 28. Nxf5 exf5 29. Qh6 Nf6 0-1

[Event "Natal Maceio"]
[Site "Natal"]
[Date "2013.11.23"]
[Round "5"]
[White "Mesquita, Jussier Cabral"]
[Black "Miranda Neto, Jayme Amorim"]
[Result "0-1"]
[WhiteElo "1828"]
[BlackElo "2111"]
[PlyCount "68"]
[EventDate "2013.11.21"]
[EventType "tourn"]
[EventRounds "10"]
[EventCountry "BRA"]
[SourceTitle "EXT 2016"]
[Source "ChessBase"]
[SourceDate "2015.10.08"]
[SourceVersion "1"]
[SourceVersionDate "2015.10.08"]
[SourceQuality "1"]

1. c4 e5 2. Nc3 Nf6 3. g3 c6 4. Bg2 Bc5 5. Nf3 e4 6. Ng5 Bxf2+ 7. Kf1 Bb6 8. Ncxe4 Nxe4 9. Nxe4 d5 10. c5 Bc7 11. Nf2 Nd7 12. d4 Nf6 13. e4 dxe4 14. Nxe4 Bg4 15. Qd3 h6 16. Bf4 Bxf4 17. Nxf6+ Qxf6 18. Qe4+ Be6 19. Qxf4 Qxf4+ 20. gxf4 0-0-0 21. d5 Bxd5 22. Kf2 Bxg2 23. Kxg2 Rd2+ 24. Kf3 Rxb2 25. h4 Rd8 26. Rhe1 Rd3+ 27. Re3 Rxe3+ 28. Kxe3 Rh2 29. Rg1 g6 30. f5 Rh3+ 31. Ke4 Rxh4+ 32. Ke5 Rh5 33. Kd6 Rxf5 34. Re1 Rf6+ 0-1